00000000nam##2200000za#4500
0019.690121
003CaOODSP
00520210624232210
007cr |||||||||||
008150407|2007||||xxc|||||o    f|0| 0 eng|d
020 |a978-0-662-46585-0
040 |aCaOODSP|beng
043 |an-cn---
0861 |aSC3-128/2007E-PDF
1102 |aPublic Service Commission of Canada.
24510|aNew indeterminate employees : |h[electronic resource]|bwho are they? : a statistical study by the Public Service Commission of Canada / |cby the Public Service Commission of Canada.
260 |aOttawa - Ontario : |bPublic Service Commission |c2007.
300 |a46p.|bgraphs, tables
5203 |aThis report presents the results of a study of all new indeterminate employees of the federal public service hired between April 1, 1998, and March 31, 2006. The report gives statistics on prior public service experience as a casual or term employee, workforce composition, starting salaries, age, and visible minorities. The report also provides background information and describes the study methodology.
590 |a07-47|b2007-11-23
69007|aPublic service|2gcpds
77508|tLes nouveaux fonctionnaires nommés pour une période indéterminée : |w(CaOODSP)9.634494
7760#|tNew indeterminate employees : |w(CaOODSP)9.669059
7760#|tLes nouveaux fonctionnaires nommés pour une période indéterminée : |w(CaOODSP)9.669060
85640|ahttp://publications.gc.ca|qPDF|s407 KB|uhttps://publications.gc.ca/collections/collection_2007/psc-cfp/SC3-128-2007E.pdf